[Event "Sao Bento do Sul op 07"]
[Site "Sao Bento do Sul"]
[Date "2019.07.14"]
[Round "6"]
[White "Couto, Mauricio Souza"]
[Black "Liebl, Livia"]
[Result "1-0"]
[WhiteElo "1715"]
[BlackElo "1524"]
[PlyCount "129"]
[EventDate "2019.07.12"]
[EventType "swiss"]
[EventRounds "7"]
[EventCountry "BRA"]
[SourceTitle "CBM 195 Extra"]
[Source "ChessBase"]
[SourceDate "2020.05.31"]
[SourceVersion "1"]
[SourceVersionDate "2020.05.31"]
[SourceQuality "1"]

1. Nf3 d5 2. g3 c5 3. Bg2 Nc6 4. 0-0 e5 5. d3 f6 6. Nbd2 Be6 7. e4 d4 8. a4 Qd7 9. Nc4 Bg4 10. a5 g5 11. h3 Be6 12. h4 h6 13. Ne1 0-0-0 14. f4 exf4 15. gxf4 Bg4 16. Bf3 Bh3 17. Ng2 g4 18. Be2 f5 19. exf5 Qxf5 20. Ne5 h5 21. Nxc6 bxc6 22. Re1 Qd5 23. Bf1 Bd6 24. Qe2 Nf6 25. Qe6+ Qxe6 26. Rxe6 Nd5 27. Bd2 Rd7 28. Rae1 Kb7 29. Rg6 a6 30. Ree6 Kc7 31. Ne1 Bxf1 32. Kxf1 Rf8 33. Ng2 Rh8 34. c4 dxc3 35. bxc3 Rhh7 36. c4 Ne7 37. Rgf6 Ng8 38. Rg6 Ne7 39. Rg5 Rd8 40. Be3 Rd7 41. Ke2 Rd8 42. Bxc5 Bxc5 43. Rxc5 Rf8 44. d4 Kd7 45. d5 cxd5 46. cxd5 Nxd5 47. Rxa6 Re7+ 48. Kd2 Nf6 49. Kd3 Ke8 50. Re5 Rxe5 51. fxe5 Nd7 52. Ra8+ Ke7 53. Rxf8 Kxf8 54. Kd4 Ke7 55. Kd5 Nb8 56. Nf4 g3 57. Ke4 Nc6 58. a6 Kd7 59. e6+ Kc7 60. Kf3 Kb6 61. Nd5+ Kxa6 62. e7 Nxe7 63. Nxe7 Kb6 64. Nf5 Kc6 65. Nxg3 1-0

[Event "Sao Bento do Sul op 07"]
[Site "Sao Bento do Sul"]
[Date "2019.07.13"]
[Round "4"]
[White "Couto, Mauricio Souza"]
[Black "Mallon, Felipe Gustavo"]
[Result "1-0"]
[WhiteElo "1715"]
[BlackElo "1489"]
[PlyCount "40"]
[EventDate "2019.07.12"]
[EventType "swiss"]
[EventRounds "7"]
[EventCountry "BRA"]
[SourceTitle "CBM 195 Extra"]
[Source "ChessBase"]
[SourceDate "2020.05.31"]
[SourceVersion "1"]
[SourceVersionDate "2020.05.31"]
[SourceQuality "1"]

1. Nf3 Nf6 2. d4 g6 3. Bf4 d5 4. e3 Bg7 5. h3 0-0 6. c4 c5 7. Nc3 Nc6 8. dxc5 Ne4 9. Nxd5 Qa5+ 10. Nd2 Bxb2 11. Rb1 Bc3 12. Nxc3 Nxc3 13. Qc2 Bf5 14. e4 Nd4 15. Qd3 Bxe4 16. Qxd4 Rad8 17. Qe5 Bxb1 18. Be2 Bd3 19. Bxd3 Rxd3 20. Bh6 f6 1-0

[Event "Sao Bento do Sul op 07"]
[Site "Sao Bento do Sul"]
[Date "2019.07.13"]
[Round "5"]
[White "Dos Santos, Lucas Aparecido"]
[Black "Couto, Mauricio Souza"]
[Result "1-0"]
[WhiteElo "2015"]
[BlackElo "1715"]
[PlyCount "52"]
[EventDate "2019.07.12"]
[EventType "swiss"]
[EventRounds "7"]
[EventCountry "BRA"]
[SourceTitle "CBM 195 Extra"]
[Source "ChessBase"]
[SourceDate "2020.05.31"]
[SourceVersion "1"]
[SourceVersionDate "2020.05.31"]
[SourceQuality "1"]

1. e4 d6 2. d4 e5 3. Nf3 Nd7 4. c4 exd4 5. Nxd4 g6 6. Nc3 Bg7 7. Be2 Ngf6 8. Be3 Nc5 9. f3 0-0 10. 0-0 a5 11. b3 Re8 12. Qd2 Ne6 13. Rac1 Nh5 14. f4 Nf6 15. Nxe6 Rxe6 16. Bf3 Qe8 17. Bd4 c6 18. g3 b5 19. cxb5 Bb7 20. f5 Nxe4 21. Nxe4 Rxe4 22. Bxg7 cxb5 23. Bf6 d5 24. Qh6 Qf8 25. Qxf8+ Kxf8 26. Bxe4 dxe4 1-0

[Event "Florianopolis op 3rd"]
[Site "Florianopolis"]
[Date "2017.01.22"]
[Round "4"]
[White "De Souza Monteiro, Marcos Paulo"]
[Black "Couto, Mauricio Souza"]
[Result "1-0"]
[WhiteElo "2021"]
[BlackElo "1738"]
[PlyCount "87"]
[EventDate "2017.01.20"]
[EventType "swiss"]
[EventRounds "10"]
[EventCountry "BRA"]
[SourceTitle "CBM 176 Extra"]
[Source "ChessBase"]
[SourceDate "2017.03.02"]
[SourceVersion "1"]
[SourceVersionDate "2017.03.02"]
[SourceQuality "1"]

1. d4 c5 2. d5 Nf6 3. c4 e6 4. Nc3 exd5 5. cxd5 d6 6. Nf3 g6 7. e4 Bg4 8. Be2 Bxf3 9. Bxf3 Nbd7 10. 0-0 a6 11. a4 Bg7 12. Bf4 Qc7 13. Rc1 0-0 14. b4 b6 15. e5 Ne8 16. exd6 Nxd6 17. Ne4 Be5 18. Bxe5 Nxe5 19. bxc5 Nxf3+ 20. Qxf3 Nxe4 21. Qxe4 bxc5 22. Rfd1 Rfd8 23. d6 Qb6 24. Rb1 Qa5 25. Rb7 Rab8 26. Rxb8 Rxb8 27. d7 Rd8 28. Qc6 Kg7 29. g3 Qb4 30. h3 a5 31. Kh2 c4 32. Qc7 Qe7 33. Qxc4 Rxd7 34. Rxd7 Qxd7 35. Qc3+ Kh6 36. Qxa5 Qd4 37. Kg1 Qd7 38. h4 Qd1+ 39. Kg2 Qb1 40. Qa8 Kg7 41. a5 f5 42. a6 Kh6 43. a7 Qb4 44. Qf3 1-0

[Event "Florianopolis op 3rd"]
[Site "Florianopolis"]
[Date "2017.01.20"]
[Round "1"]
[White "De Borba, Gabriel"]
[Black "Couto, Mauricio Souza"]
[Result "1/2-1/2"]
[WhiteElo "1861"]
[BlackElo "1738"]
[PlyCount "83"]
[EventDate "2017.01.20"]
[EventType "swiss"]
[EventRounds "10"]
[EventCountry "BRA"]
[SourceTitle "CBM 176 Extra"]
[Source "ChessBase"]
[SourceDate "2017.03.02"]
[SourceVersion "1"]
[SourceVersionDate "2017.03.02"]
[SourceQuality "1"]

1. e4 d6 2. d4 Nf6 3. Bd3 e5 4. Nf3 Nbd7 5. 0-0 g6 6. c4 Bg7 7. Nc3 0-0 8. d5 a5 9. a3 Nc5 10. Bc2 a4 11. Be3 b6 12. Bxc5 bxc5 13. Bxa4 Nh5 14. Bc2 Rb8 15. Rb1 Nf4 16. g3 Nh3+ 17. Kg2 Ng5 18. Nxg5 Qxg5 19. h4 Qe7 20. f3 f5 21. Rh1 Qf7 22. Qe2 f4 23. Qf2 fxg3 24. Qxg3 h5 25. b3 Bd7 26. Ne2 Kh7 27. Ng1 Qe7 28. Nh3 Bxh3+ 29. Rxh3 Rf4 30. Kf2 Rbf8 31. Ke2 Bf6 32. Rbh1 Ra8 33. a4 Rf8 34. R3h2 Qf7 35. Rf1 Be7 36. Rh3 Rg4 37. Qf2 Rf4 38. Qg3 Qe8 39. Qe1 Qc8 40. Rhh1 R8f7 41. Bd1 Qh8 42. Ke3 1/2-1/2

[Event "Sao Bento do Sul U2050 1st"]
[Site "Sao Bento do Sul"]
[Date "2016.05.20"]
[Round "2.16"]
[White "Couto, Mauricio Souza"]
[Black "Fischer Junior, Donaldo"]
[Result "1-0"]
[WhiteElo "1817"]
[BlackElo "1910"]
[PlyCount "49"]
[EventDate "2016.05.20"]
[EventType "swiss"]
[EventRounds "7"]
[EventCountry "BRA"]
[SourceTitle "EXT 2022"]
[Source "ChessBase"]
[SourceDate "2021.10.06"]
[SourceVersion "1"]
[SourceVersionDate "2021.10.06"]
[SourceQuality "1"]

1. d4 Nf6 2. Bf4 e6 3. Nf3 Nc6 4. e3 b6 5. Nbd2 Bb7 6. c3 Ne7 7. Bd3 Ng6 8. Bg3 Nh5 9. Be4 Bxe4 10. Nxe4 d5 11. Neg5 Nxg3 12. hxg3 Qd7 13. Rxh7 Rxh7 14. Nxh7 0-0-0 15. Nxf8 Rxf8 16. Qb3 Rh8 17. 0-0-0 f6 18. Kb1 Ne7 19. c4 g5 20. cxd5 exd5 21. Rc1 Kb7 22. Ka1 c6 23. Ne1 a5 24. Nd3 Ka7 25. Qa4 1-0

[Event "BRA-ch U20"]
[Site "Paranavai"]
[Date "2013.06.16"]
[Round "7"]
[White "Kihara, Eric Juliani"]
[Black "Couto, Mauricio Souza"]
[Result "1/2-1/2"]
[WhiteElo "1821"]
[BlackElo "1823"]
[PlyCount "101"]
[EventDate "2013.06.13"]
[EventType "swiss"]
[EventRounds "7"]
[EventCountry "BRA"]
[SourceTitle "CBM 155 Extra"]
[Source "ChessBase"]
[SourceDate "2013.08.26"]
[SourceVersion "1"]
[SourceVersionDate "2013.08.26"]
[SourceQuality "1"]

1. c4 d6 2. Nc3 e5 3. g3 f5 4. Bg2 Nf6 5. d3 g6 6. Bg5 Bg7 7. e3 c6 8. b4 Qc7 9. Bxf6 Bxf6 10. Nge2 Nd7 11. Rb1 0-0 12. 0-0 a5 13. a3 axb4 14. axb4 f4 15. Qd2 fxe3 16. fxe3 Bg5 17. Ne4 Rxf1+ 18. Rxf1 Bh6 19. Rf3 d5 20. Nf2 Nb6 21. Qc3 Bg7 22. Qb3 Be6 23. c5 Ra1+ 24. Bf1 Nc8 25. d4 Qd7 26. Qb2 Bg4 27. Nxg4 Qxg4 28. Qxa1 Qxf3 29. Qa8 Qxe3+ 30. Kg2 Qe4+ 31. Kf2 Qf5+ 32. Ke1 Qd7 33. dxe5 Bxe5 34. Ng1 Bc3+ 35. Kf2 Bxb4 36. Bh3 Bxc5+ 37. Kg2 Qf7 38. Qxc8+ Kg7 39. Qd7 Qxd7 40. Bxd7 Bxg1 41. Kxg1 Kf6 42. Bc8 Ke5 43. Bxb7 c5 44. Kf1 Ke4 45. Ke2 g5 46. Ba6 c4 47. Bb5 h5 48. Be8 h4 49. Bg6+ Kd4 50. Kd2 Kc5 51. Kc2 1/2-1/2

[Event "Blumenau Santa Catarina Cup"]
[Site "Blumenau"]
[Date "2013.02.10"]
[Round "6"]
[White "Couto, Mauricio Souza"]
[Black "Both, Vinicius Andre"]
[Result "1-0"]
[WhiteElo "1816"]
[BlackElo "1698"]
[PlyCount "108"]
[EventDate "2013.02.08"]
[EventType "swiss"]
[EventRounds "6"]
[EventCountry "BRA"]
[SourceTitle "CBM 152 Extra"]
[Source "ChessBase"]
[SourceDate "2013.02.25"]
[SourceVersion "1"]
[SourceVersionDate "2013.02.25"]
[SourceQuality "1"]

1. f4 f5 2. Nf3 Nf6 3. e3 e6 4. b3 b6 5. Bb2 Bb7 6. Be2 Be7 7. 0-0 0-0 8. Nc3 Nc6 9. Qe1 Qe8 10. a3 a6 11. Nd1 Na7 12. Nf2 c5 13. c4 d5 14. Ng5 Qd7 15. Nd3 Ne4 16. Ne5 Qd6 17. Nxe4 dxe4 18. g4 g6 19. g5 Rfd8 20. Rd1 Bf8 21. h4 Nc6 22. h5 Bg7 23. Nxc6 Bxc6 24. Bxg7 Kxg7 25. d3 Qe7 26. Qc3+ Kg8 27. Qe5 Rac8 28. hxg6 hxg6 29. Rf2 Re8 30. Rh2 Qg7 31. Qxg7+ Kxg7 32. dxe4 fxe4 33. Bg4 Rcd8 34. Rhd2 Rxd2 35. Rxd2 e5 36. Rd6 Ba8 37. Rxb6 exf4 38. exf4 Rf8 39. Rxa6 Rxf4 40. Ra7+ Kf8 41. Rxa8+ Ke7 42. Be2 Rf5 43. b4 Rxg5+ 44. Kf2 Kd6 45. Ra6+ Ke5 46. Rc6 Kf5 47. Rf6+ Ke5 48. Rf8 Kd4 49. Rd8+ Kc3 50. b5 Re5 51. Rd5 Re7 52. Ke3 Kb3 53. Rxc5 Kxa3 54. Kd4 Kb4 1-0

[Event "Catarinense-ch U20"]
[Site "Lacerdapolis"]
[Date "2012.05.04"]
[Round "1"]
[White "Couto, Mauricio Souza"]
[Black "Bastos, Guilherme Exterhott"]
[Result "1-0"]
[WhiteElo "1800"]
[BlackElo "1971"]
[PlyCount "83"]
[EventDate "2012.05.04"]
[EventType "swiss"]
[EventRounds "6"]
[EventCountry "BRA"]
[SourceTitle "CBM 148 Extra"]
[Source "ChessBase"]
[SourceDate "2012.06.22"]
[SourceVersion "1"]
[SourceVersionDate "2012.06.22"]
[SourceQuality "1"]

1. Nf3 d5 2. d4 Nf6 3. Bf4 c5 4. c3 Qb6 5. Qb3 c4 6. Qxb6 axb6 7. Nbd2 b5 8. e4 dxe4 9. Ng5 Bf5 10. g4 Bxg4 11. h3 Bf5 12. Bg2 Nc6 13. Ngxe4 e6 14. 0-0 Be7 15. Nd6+ Bxd6 16. Bxd6 Kd7 17. Bh2 Ra7 18. Rfe1 Bd3 19. Nf3 b4 20. Ne5+ Nxe5 21. dxe5 Nd5 22. Bxd5 exd5 23. cxb4 Ke6 24. f4 Rha8 25. a3 d4 26. Rac1 Kd5 27. Bg3 Ra6 28. Bf2 Rh6 29. Kh2 Raa6 30. f5 Rh5 31. e6 fxe6 32. fxe6 Re5 33. Rxe5+ Kxe5 34. Re1+ Be4 35. Bg3+ Kd5 36. e7 Re6 37. Bh4 d3 38. Rf1 h6 39. Rf8 Bg6 40. Kg2 d2 41. Rd8+ Rd6 42. Bg3 1-0